000 01335nam a2200361 c 4500
003 BLK
005 20231229144151.0
008 180408b bul|||||r ||||||| ||bul||
010 _aKNG00084572000
020 _a978-954-07-2677-9
_bиздат.: Унив. изд. Св. Климент Охридски
040 _aBLK
041 _aBUL
_cBUL
080 _aПолитическа теория. Политическа идеология. Политология
_b32.01
_x(091)
_z32.01(091)
100 1 _aНанева, Димитрина Петкова
_eпърви автор
_9364536
139 _aНанева, Димитрина Петкова
_bН 21
245 1 0 _aПолитическите идеологии
_cДимитрина Петкова Нанева.
257 _aBGR
260 София
_bУнив. изд. Св. Климент Охридски
_c2008
300 _a344 с.
_c20 см
380 _a3
500 _aБиблиогр. с. 339-343.
590 _aф
650 4 _aПолитика
_9166818
650 4 _aИдеология
_9156241
653 _aидеологии
653 _aполитика
852 _aЦб 240614
856 4 _qpdf
_u
856 4 _qpdf
_u
942 _cKNG
_n0
_03
944 _aCR
_c22.07.2008
_k30531
_lЦветелина Шанова
944 _aED
_c28.08.2015
_k
999 _c80088
_d80088